| 000 | 01863nam a2200361 c 4500 | ||
|---|---|---|---|
| 003 | BLK | ||
| 005 | 20180422094900.0 | ||
| 008 | 180413b bul|||||r ||||||| ||bul|| | ||
| 010 | _aKNG00019599000 | ||
| 040 | _aBLK | ||
| 041 |
_aBUL _cBUL |
||
| 072 | 7 |
_2bullib _aН61 _xМедицина Н |
|
| 080 |
_aПсихотерапия - Психодрама, лечение по системата на йогите, колективна психотерапия, терапевтично влияние на музиката, изкуство. Медитация - психотерапевтични аспекти. Самовнушение. Вж и 616.89 _b615.851 _x _z615.851 |
||
| 080 |
_aХипноза. Сугестия. - Хипнотизиране, внушение, самовнушение, автосугестия _b159.962 _x _z159.962 |
||
| 100 | 1 |
_aТомов, Кубрат Савов _eпърви автор _9365172 |
|
| 139 |
_aТомов, Кубрат Савов _bТ 70 |
||
| 245 | 1 | 0 |
_aБиоенерготерапията _bПринципи, правила, технология : Стратегически подход _cКубрат Савов Томов. |
| 257 | _aBGR | ||
| 260 |
_аСофия _bДвижение за нова култура _c2010 _fСофия : Христо Христов |
||
| 300 |
_a104 с. _bс ил. _c20 см |
||
| 380 | _a61 | ||
| 490 | 1 |
_aПоредица Бъдещето, което идва _v15 |
|
| 500 | _aИзд. на Първи унив. за нова култура. - Библиогр. с. 96-98 | ||
| 650 | 4 |
_aБиоенерготерапия _9148661 |
|
| 653 | _aпсихотерапия | ||
| 653 | _aмедитация | ||
| 659 | _aН | ||
| 852 | _aЦб 251286 | ||
| 856 | 4 |
_qpdf _u |
|
| 856 | 4 |
_qpdf _u |
|
| 942 |
_cKNG _n0 |
||
| 944 |
_aCR _c21.03.2011 _kГеновева_Генчева |
||
| 944 |
_aED _c10.08.2011 _k |
||
| 999 |
_c17630 _d17630 |
||